000 00222nam a22000977a 4500
003 SGT
245 _aIndian Journal of Conservative and Endodontics
260 _bIP Publisher
_c2019-2020
300 _a215,150
942 _2ddc
_cBV
999 _c30224
_d30224